Κλινική διαιτολογία και διατροφή : με στοιχεία παθολογίας

Αποθηκεύτηκε σε:
Λεπτομέρειες βιβλιογραφικής εγγραφής
Κύριος συγγραφέας: Ζαμπέλας, Αντώνης
Μορφή: Βιβλίο
Γλώσσα:Greek
Δημοσίευση: Αθήνα : Ιατρικές Εκδόσεις Π.Χ. Πασχαλίδης, c2007
Θέματα:
Ετικέτες: Προσθήκη ετικέτας
Δεν υπάρχουν, Καταχωρήστε ετικέτα πρώτοι!

MARC

LEADER 00000cam a2200000 i 4500
001 1/11979
008 110215s2007 gr | ||| |||| ||gre||
020 |a 9603994510 (τ. 1) 
020 |a 9603994529 (τ. 2) 
020 |a 9603994502 (set) 
035 |l 10109616 
040 |a GR-MY-UA  |b gre  |e aacr 
041 0 |a gre 
082 0 |a 615.854  |2 (22) 
100 1 |a Ζαμπέλας, Αντώνης. 
245 1 0 |a Κλινική διαιτολογία και διατροφή :  |b με στοιχεία παθολογίας /  |c Αντώνιος Ζαμπέλας ; προλογίζουν Αθανάσιος Παπαβασιλείου, Μιχαήλ Κουτσιλιέρης 
260 |a Αθήνα :   |b Ιατρικές Εκδόσεις Π.Χ. Πασχαλίδης,   |c c2007 
300 |a 2 τ. (xviii, 1022 σ.);  |b εικ., πίν., σχέδια, φωτ.;  |c 28 εκ. 
504 |a Περιέχει βιβλιογραφικές παραπομπές 
504 |a Ευρετήριο: σ. 1001-1022 
650 0 0 |a Diet therapy. 
650 0 0 |a Nutrition. 
852 |a INST  |b LEMNOS  |e 20110215  |h 615.854 ΖΑΜ  |p 005600000532  |q 005600000532  |t BK  |y 0  |z τ.1 
852 |a INST  |b LEMNOS  |e 20110215  |h 615.854 ΖΑΜ  |p 005600000533  |q 005600000533  |t BK  |y 0  |z τ.2 
852 |a INST  |b LEMNOS  |e 20110215  |h 615.854 ΖΑΜ  |p 005600000532  |q 005600000532  |t BK  |v τ.1:  |y 0  |z τ.1 
852 |a INST  |b LEMNOS  |e 20110215  |h 615.854 ΖΑΜ  |p 005600000533  |q 005600000533  |t BK  |v τ.2:  |y 0  |z τ.2 
853 |a INST  |b LEMNOS  |h 615.854 ΖΑΜ 
901 |a BIBL6-2011-1 
901 |a BIBL6-2014-3 
920 |a ΕΥΔΟΞΟΣ  |b ΠΑΡΑΓΓΕΛΙΑ  |y ΛΗΜΝΟΣ-ΤΕΤΔ  |z 2014-12 
922 |a 6ΕΛΗ  |b 201011  |c ΤΑΚ/ΤΕΤΔ  |d BEST BOOK HUNTERS 
970 |a ΠΑΝΤΑΖΗ  |b ΑΝΤΩΝΙΑ  |z 2011/02/15